[Event "World Youth U16 Olympiad"]
[Site "Gyor HUN"]
[Date "2014.12.18"]
[Round "7.4"]
[Board "2"]
[White "Korpa, Bence"]
[Black "Tutisani, Noe"]
[Result "1-0"]
[WhiteTitle "IM"]
[WhiteElo "2415"]
[BlackElo "2301"]
[WhiteTeam "Hungary 1"]
[BlackTeam "Georgia"]
[WhiteFideId "706671"]
[BlackFideId "13602853"]
[EventDate "2014.12.13"]
[EventType "team"]

1. c4 Nf6 2. g3 g6 3. Bg2 Bg7 4. Nc3 O-O 5. d4 d6 6. Nf3 Nbd7 7. O-O e5 8. e4 a5
9. h3 exd4 10. Nxd4 Re8 11. Be3 Nc5 12. Qc2 c6 13. Rad1 Nfd7 14. Rfe1 a4 15. f4
Qa5 16. Kh2 Nb6 17. b3 Qb4 18. Rb1 axb3 19. axb3 Nbd7 20. Nde2 Ra3 21. Nb5 Rxb3
22. Nxd6 Rd8 23. e5 Bf8 24. Nxf7 Re8 25. Ng5 Rxb1 26. Rxb1 Qa3 27. Bd4 Be7 28.
Ne4 Ne6 29. Bb2 Qe3 30. Bc1 Qa7 31. Qc3 Ndc5 32. Ra1 Qb8 33. Nxc5 Nxc5 34. Bb2
Rf8 35. Ba3 Qc7 36. Qe3 Ne6 37. Bxe7 Qxe7 38. Ra8 Qc5 39. Qxc5 Nxc5 40. Nd4 Rd8
41. Bxc6 bxc6 42. Nxc6 Rd2+ 43. Kg1 Ne4 44. Rxc8+ Kf7 45. Rc7+ Ke8 46. e6 1-0

[Event "World Youth U16 Olympiad"]
[Site "Gyor HUN"]
[Date "2014.12.18"]
[Round "7.4"]
[Board "3"]
[White "Khomeriki, Nino"]
[Black "Kantor, Gergely"]
[Result "1-0"]
[WhiteTitle "WFM"]
[BlackTitle "IM"]
[WhiteElo "2141"]
[BlackElo "2385"]
[WhiteTeam "Georgia"]
[BlackTeam "Hungary 1"]
[WhiteFideId "13603191"]
[BlackFideId "751499"]
[EventDate "2014.12.13"]
[EventType "team"]

1. d4 Nf6 2. Nf3 d5 3. e3 c5 4. Be2 Nc6 5. O-O Bg4 6. Ne5 Bxe2 7. Qxe2 e6 8.
Nxc6 bxc6 9. dxc5 Bxc5 10. b3 O-O 11. Bb2 a5 12. Nc3 Qe7 13. Na4 Bd6 14. c4 Ne4
15. Nc3 f5 16. Rac1 Nxc3 17. Bxc3 a4 18. Rb1 axb3 19. Rxb3 f4 20. exf4 Rxf4 21.
cxd5 exd5 22. Qb2 Rf7 23. Re1 Qa7 24. Re2 Bc5 25. Be5 Raf8 26. Bg3 Bd4 27. Qd2
c5 28. h3 c4 29. Rb5 Rf5 30. Kh1 Qd7 31. Rb8 Ba7 32. Rxf8+ Rxf8 33. Qg5 Qf5 34.
Qe7 Qf7 35. Qa3 Bd4 36. Qd6 Bf6 37. Be5 Re8 38. f4 d4 39. Qxd4 Bxe5 40. Rxe5
Rxe5 41. Qxe5 c3 42. Qb8+ Qf8 43. Qb3+ Qf7 44. Qxc3 Qxa2 45. Qc8+ Kf7 46. Qf5+
Kg8 47. Qc8+ Kf7 48. Qd7+ Kf8 49. Qf5+ Kg8 50. Qe4 g6 51. Kh2 Qb3 52. h4 Qd1 53.
Qe6+ Kg7 54. Kh3 Qd3+ 55. Kh2 Qd1 56. Qe5+ Kg8 57. h5 gxh5 58. f5 Qg4 59. f6
Qh4+ 60. Kg1 Kf7 61. Qe7+ Kg6 62. Qe8+ Kh6 63. Qe3+ Kg6 64. Qd3+ Kf7 65. Qd5+
Kg6 66. Qg8+ Kf5 67. Qd5+ Kg6 68. Qd3+ Kf7 69. Qd7+ Kg6 70. Qe8+ Kh6 71. f7 Qd4+
72. Kh1 Qh4+ 73. Kg1 Qd4+ 74. Kf1 Qd1+ 75. Kf2 Qd2+ 76. Kg3 Qd3+ 77. Kh2 Qd6+
78. g3 Qd2+ 79. Kh3 1-0

[Event "World Youth U16 Olympiad"]
[Site "Gyor HUN"]
[Date "2014.12.18"]
[Round "7.4"]
[Board "4"]
[White "Antal, Tibor Kende"]
[Black "Ghvamberia, Nika"]
[Result "1/2-1/2"]
[WhiteTitle "FM"]
[WhiteElo "2292"]
[BlackElo "2122"]
[WhiteTeam "Hungary 1"]
[BlackTeam "Georgia"]
[WhiteFideId "738581"]
[BlackFideId "13602128"]
[EventDate "2014.12.13"]
[EventType "team"]

1. d4 Nf6 2. c4 e6 3. Nc3 Bb4 4. e3 c5 5. Ne2 cxd4 6. exd4 d5 7. a3 Be7 8. Nf4
dxc4 9. Bxc4 O-O 10. O-O Nc6 11. Be3 e5 12. dxe5 Nxe5 13. Ba2 Bf5 14. Ncd5 Bd6
15. h3 Nxd5 16. Qxd5 Qe7 17. Rfe1 Rfe8 18. Bd4 Rad8 19. Qb3 Bb8 20. Bc3 Rd7 21.
Re3 Qg5 22. g3 Qd8 23. Rae1 Rde7 24. R1e2 Qd7 25. Qd5 Qxd5 26. Bxd5 Bd6 27. Bd4
b6 28. Kg2 Ng6 29. Nxg6 Rxe3 30. Rxe3 Rxe3 31. fxe3 Bxg6 32. g4 Kf8 33. Kf3 f6
34. h4 h5 35. Be6 Ke7 36. Bf5 Be8 37. b4 g6 38. Bc8 Bc6+ 39. Kf2 hxg4 40. Bxg4
Be8 41. e4 Bf7 42. Be2 Be8 43. Bd1 Bc6 44. Ke3 Be8 45. Kf2 Bf4 46. a4 Bd6 47. a5
Bxb4 48. axb6 axb6 49. Bxb6 Bc6 50. Ke3 Be8 51. Kf2 Bc3 52. Bc7 Kf8 53. Bf4 Kg7
54. Bg4 Bd4+ 55. Kg2 Bf7 56. Bd7 Bb3 57. Bc6 Kf7 58. Kf3 Ke7 59. Ke2 Bc4+ 60.
Kf3 Bd3 61. Bd5 Bb5 62. Be3 Be5 63. Bf4 Bc3 64. Be3 Be8 65. Bc5+ Kd8 66. Kf2 Kc7
67. Ke2 Bb5+ 68. Kf2 Be8 69. Ke2 Be5 70. Kf3 Kc8 71. Kf2 Kc7 72. Kg2 Bd6 73. Bd4 1/2-1/2

[Event "World Youth U16 Olympiad"]
[Site "Gyor HUN"]
[Date "2014.12.18"]
[Round "7.5"]
[Board "1"]
[White "Sanal, Vahap"]
[Black "Szostko, Jakub"]
[Result "1-0"]
[WhiteTitle "IM"]
[WhiteElo "2452"]
[BlackElo "2168"]
[WhiteTeam "Turkey"]
[BlackTeam "Poland 2"]
[WhiteFideId "6300545"]
[BlackFideId "1174282"]
[EventDate "2014.12.13"]
[EventType "team"]

1. Nf3 d5 2. c4 dxc4 3. Qa4+ Nd7 4. Qxc4 a6 5. d4 e6 6. e3 b5 7. Qb3 c5 8. Nc3
c4 9. Qc2 Bb7 10. a4 Qb6 11. Be2 Ngf6 12. O-O Be7 13. axb5 axb5 14. Rxa8+ Bxa8
15. e4 O-O 16. Be3 Qb7 17. Nd2 Rc8 18. f3 e5 19. dxe5 Nxe5 20. Rd1 Rd8 21. Nf1
Qc6 22. Bf2 b4 23. Rxd8+ Bxd8 24. Nb1 Ba5 25. Ne3 c3 26. bxc3 bxc3 27. Nd1 Nh5
28. Nbxc3 Nf4 29. Bf1 Qc7 30. Qb3 h5 31. Be3 Ne6 32. Nd5 Qd8 33. Nf2 Nc7 34. Nf4
h4 35. Qb2 f6 36. Qa2+ 1-0

[Event "World Youth U16 Olympiad"]
[Site "Gyor HUN"]
[Date "2014.12.18"]
[Round "7.5"]
[Board "2"]
[White "Snihur, Piotr"]
[Black "Ali Marandi, Cemil Can"]
[Result "1/2-1/2"]
[BlackTitle "IM"]
[WhiteElo "2161"]
[BlackElo "2423"]
[WhiteTeam "Poland 2"]
[BlackTeam "Turkey"]
[WhiteFideId "1157191"]
[BlackFideId "6300529"]
[EventDate "2014.12.13"]
[EventType "team"]

1. d4 d5 2. c4 c6 3. e3 Nf6 4. Nf3 Bg4 5. cxd5 Bxf3 6. Qxf3 cxd5 7. Nc3 Nc6 8.
Bd3 e6 9. O-O Bd6 10. Bd2 O-O 11. Qh3 Re8 12. f4 Bb4 13. Qf3 Ne7 14. g4 Bxc3 15.
Bxc3 Nd7 16. Qh3 f5 17. g5 Nc8 18. Bb4 Qb6 19. Ba3 Nd6 20. Bxd6 Qxd6 21. Rac1
Rec8 22. Qg2 Rc7 23. Qd2 Rac8 24. Rxc7 Qxc7 25. Qb4 Nf8 26. Kf2 Qf7 27. Be2 Rc2
28. Qb3 Qc7 29. Rd1 a6 30. Ke1 b5 31. a4 bxa4 32. Qxa4 1/2-1/2

[Event "World Youth U16 Olympiad"]
[Site "Gyor HUN"]
[Date "2014.12.18"]
[Round "7.5"]
[Board "3"]
[White "Tuncer, Tuna"]
[Black "Kowalski, Igor"]
[Result "1-0"]
[WhiteElo "2210"]
[BlackElo "2087"]
[WhiteTeam "Turkey"]
[BlackTeam "Poland 2"]
[WhiteFideId "6349269"]
[BlackFideId "1172468"]
[EventDate "2014.12.13"]
[EventType "team"]

1. e4 e6 2. d4 d5 3. Nd2 c5 4. exd5 Qxd5 5. Ngf3 cxd4 6. Bc4 Qd6 7. O-O Nf6 8.
Nb3 Nc6 9. Nbxd4 Nxd4 10. Nxd4 a6 11. Bb3 Bd7 12. c3 O-O-O 13. Qf3 Qc7 14. Bg5
Bd6 15. h3 Bh2+ 16. Kh1 Be5 17. Rad1 Rhe8 18. Rfe1 Bxd4 19. Rxd4 Bc6 20. Qe3 Nd5
21. Bxd5 Rxd5 22. Rxd5 Bxd5 23. c4 Bc6 24. Bf4 Qd7 25. Qe5 Kd8 26. Qa5+ Kc8 27.
Kh2 f6 28. Rd1 Qf7 29. Bd6 e5 30. b4 b5 31. Qxa6+ Qb7 32. cxb5 Qxa6 33. bxa6 Bb5
34. a7 Kb7 35. Bb8 Bc6 36. a4 Rc8 37. Rc1 Bd5 38. a8=Q+ 1-0

[Event "World Youth U16 Olympiad"]
[Site "Gyor HUN"]
[Date "2014.12.18"]
[Round "7.5"]
[Board "4"]
[White "Dadello, Aleksandra"]
[Black "Temel, Burcu Melis"]
[Result "1-0"]
[WhiteElo "2009"]
[BlackElo "1878"]
[WhiteTeam "Poland 2"]
[BlackTeam "Turkey"]
[WhiteFideId "1177362"]
[BlackFideId "6345492"]
[EventDate "2014.12.13"]
[EventType "team"]

1. e4 c5 2. Nf3 e6 3. d4 cxd4 4. Nxd4 Nf6 5. Nc3 Nc6 6. Ndb5 d6 7. Bf4 e5 8. Bg5
a6 9. Na3 Be6 10. Bxf6 gxf6 11. Nd5 Rc8 12. c3 f5 13. exf5 Bxf5 14. Qf3 Qg5 15.
h4 Qg6 16. g4 Be6 17. Nf6+ Ke7 18. g5 Bf5 19. Nc4 h6 20. Ne3 Be6 21. Bd3 Qg7 22.
Nf5+ Bxf5 23. Qxf5 Rd8 24. O-O-O Nb8 25. f4 Nd7 26. fxe5 dxe5 27. Rhe1 Nxf6 28.
Qxe5+ Kd7 29. Bb5+ Kc8 30. Rxd8+ Kxd8 31. Qb8# 1-0

[Event "World Youth U16 Olympiad"]
[Site "Gyor HUN"]
[Date "2014.12.18"]
[Round "7.6"]
[Board "1"]
[White "Havasi, Gergo"]
[Black "Nigmatov, Ortik"]
[Result "1-0"]
[WhiteElo "2353"]
[BlackElo "2236"]
[WhiteTeam "Hungary 2"]
[BlackTeam "Uzbekistan"]
[WhiteFideId "760293"]
[BlackFideId "14202131"]
[EventDate "2014.12.13"]
[EventType "team"]

1. e4 c5 2. Nf3 d6 3. d4 cxd4 4. Nxd4 Nf6 5. Nc3 Nc6 6. Bg5 e6 7. Qd2 Be7 8.
O-O-O O-O 9. f4 h6 10. Bh4 Bd7 11. Nf3 Qa5 12. Bd3 Rac8 13. Kb1 Rfd8 14. Qe1 Nb4
15. a3 Nxd3 16. cxd3 Re8 17. Rc1 Qa6 18. Qd2 b5 19. e5 Nd5 20. Nxd5 exd5 21.
Rxc8 Bxc8 22. Bxe7 Rxe7 23. exd6 Qxd6 24. Nd4 a6 25. Rc1 Bd7 26. Qb4 Qf6 27. g3
Re3 28. Rd1 Bg4 29. Rd2 Re1+ 30. Ka2 Rc1 31. Nb3 Rc8 32. Qd4 Qe7 33. Qb4 Qe3 34.
Qd4 Qe1 35. Qf2 Qe7 36. Rc2 Re8 37. Nd4 h5 38. Rc6 Qa7 39. Rc2 Qe7 40. Nc6 Qe6
41. Nd4 Qd7 42. Qd2 h4 43. Qf2 h3 44. f5 b4 45. b3 Qd6 46. a4 Qe5 47. f6 gxf6
48. Nc6 Qd6 49. Qd4 Bd1 50. Rc1 Bf3 51. Kb1 Kg7 52. Qf2 Be2 53. Qd4 Rc8 54. Nxb4
Rb8 55. Rc5 a5 56. Qxd5 Qe7 57. Nc6 Rxb3+ 58. Ka2 Qe3 59. Kxb3 Bxd3 60. Rc3 Qb6+
61. Ka3 Bg6 62. Rb3 Qg1 63. Rb2 Qe3+ 64. Ka2 Be4 65. Qd4 Qe1 66. Nxa5 Bf5 67.
Nb3 Be6 68. g4 Kg6 69. Ka3 Kh7 70. Nd2 Qa1+ 71. Kb4 Qc1 72. Ne4 Qe1+ 73. Nc3 Kg7
74. g5 1-0

[Event "World Youth U16 Olympiad"]
[Site "Gyor HUN"]
[Date "2014.12.18"]
[Round "7.6"]
[Board "2"]
[White "Yakubboev, Nodirbek"]
[Black "Kozak, Adam"]
[Result "1/2-1/2"]
[BlackTitle "FM"]
[WhiteElo "2144"]
[BlackElo "2307"]
[WhiteTeam "Uzbekistan"]
[BlackTeam "Hungary 2"]
[WhiteFideId "14203987"]
[BlackFideId "753246"]
[EventDate "2014.12.13"]
[EventType "team"]

1. d4 d5 2. Nf3 Nf6 3. Bf4 c5 4. c3 Nc6 5. e3 Qb6 6. Qb3 c4 7. Qc2 Bf5 8. Qc1 e6
9. Nbd2 Qd8 10. Be2 Be7 11. O-O h6 12. Ne5 O-O 13. Re1 Nxe5 14. Bxe5 Bg6 15. b3
b5 16. a4 a6 17. Qb2 Qd7 18. axb5 axb5 19. b4 Qb7 20. Bxf6 Bxf6 21. f4 Be7 22.
Nf3 Bd6 23. Ne5 Bf5 24. Rec1 f6 25. Nf3 g5 26. g3 Kg7 27. Bd1 Qb6 28. Rxa8 Rxa8
29. Ra1 Ra6 30. Kf2 Qa7 31. Rxa6 Qxa6 32. Ke1 Qa7 33. Kd2 Be4 34. Be2 Qa4 35.
Bd1 Qa8 36. Kc1 Qa7 37. Kd2 Kg8 38. Be2 Kf7 39. Bd1 Kg7 40. Be2 Kg8 41. Bd1 Qh7
42. Ke1 Qf5 43. Qf2 Bxf3 44. Bxf3 Qb1+ 45. Bd1 Qd3 46. Qd2 Qe4 47. Qf2 Kg7 48.
Bc2 Qh1+ 49. Kd2 Be7 1/2-1/2

[Event "World Youth U16 Olympiad"]
[Site "Gyor HUN"]
[Date "2014.12.18"]
[Round "7.6"]
[Board "3"]
[White "Juhasz, Armin"]
[Black "Abdusattorova, Bakhora"]
[Result "1-0"]
[WhiteTitle "FM"]
[BlackTitle "WFM"]
[WhiteElo "2268"]
[BlackElo "2216"]
[WhiteTeam "Hungary 2"]
[BlackTeam "Uzbekistan"]
[WhiteFideId "724270"]
[BlackFideId "14204126"]
[EventDate "2014.12.13"]
[EventType "team"]

1. Nf3 Nf6 2. g3 g6 3. b3 Bg7 4. Bb2 d5 5. c4 c6 6. Bg2 Bf5 7. O-O O-O 8. d3
Nbd7 9. Nd4 Be6 10. Nd2 Bg4 11. h3 e5 12. hxg4 exd4 13. Bxd4 dxc4 14. g5 Ng4 15.
Bxg7 Kxg7 16. dxc4 Qxg5 17. Nf3 Qe7 18. Qd4+ Ngf6 19. Rfe1 Qc5 20. Rad1 Rfe8 21.
e4 Rad8 22. e5 Qxd4 23. Rxd4 Nxe5 24. Rxe5 Rxd4 25. Rxe8 Rxc4 26. Re7 Rc1+ 27.
Bf1 Rc2 28. Ne5 Ne4 29. Rxf7+ Kg8 30. Rxb7 Nxf2 31. Rxa7 Nd1 32. Ng4 Rc1 33.
Nf6+ Kf8 34. Nxh7+ Ke8 35. Nf6+ Kd8 36. Bh3 Nc3+ 37. Kf2 Rd1 38. a4 Rd6 39. Rd7+
Rxd7 40. Nxd7 Ne4+ 41. Kg2 g5 42. Ne5 Kc7 43. Bf5 1-0

[Event "World Youth U16 Olympiad"]
[Site "Gyor HUN"]
[Date "2014.12.18"]
[Round "7.6"]
[Board "4"]
[White "Abdusattorov, Nodirbek"]
[Black "Zsirai, Peter"]
[Result "1/2-1/2"]
[WhiteTitle "FM"]
[WhiteElo "2186"]
[BlackElo "2301"]
[WhiteTeam "Uzbekistan"]
[BlackTeam "Hungary 2"]
[WhiteFideId "14204118"]
[BlackFideId "727423"]
[EventDate "2014.12.13"]
[EventType "team"]

1. Nf3 d6 2. d4 Bg4 3. e4 Nf6 4. Nc3 c6 5. Be2 e6 6. O-O Be7 7. Be3 d5 8. Nd2
Bxe2 9. Qxe2 O-O 10. Rad1 dxe4 11. Ncxe4 Nbd7 12. c4 Nxe4 13. Nxe4 Nf6 14. Nxf6+
Bxf6 15. Rd3 Qa5 16. Rfd1 Rfd8 17. a3 Rd7 18. b4 Qa4 19. h3 Rad8 20. g4 g6 21.
R1d2 Qa6 22. Qf3 Bg7 23. Rc2 Qa4 24. Rcd2 Qa6 25. Rc2 Qa4 26. Rc1 a5 27. Bg5 Rc8
28. d5 cxd5 29. cxd5 Rxc1+ 30. Bxc1 exd5 31. Rxd5 axb4 32. Rxd7 Qxd7 33. axb4
Qd4 34. Qf4 Qd1+ 35. Kg2 Qd5+ 36. Qf3 Qc4 37. Bd2 b5 38. Qe3 Qd5+ 39. Kg1 h5 40.
gxh5 Qxh5 41. Bc3 Bxc3 42. Qxc3 Qd1+ 43. Kg2 Qd5+ 44. Qf3 Qc4 45. Qg4 Qd5+ 46.
Qf3 Qc4 1/2-1/2

[Event "World Youth U16 Olympiad"]
[Site "Gyor HUN"]
[Date "2014.12.18"]
[Round "7.7"]
[Board "1"]
[White "Repka, Christopher"]
[Black "Deac, Bogdan-Daniel"]
[Result "1/2-1/2"]
[BlackTitle "FM"]
[WhiteElo "2407"]
[BlackElo "2391"]
[WhiteTeam "Slovakia 1"]
[BlackTeam "Romania"]
[WhiteFideId "14918781"]
[BlackFideId "1226380"]
[EventDate "2014.12.13"]
[EventType "team"]

1. d4 Nf6 2. Nf3 g6 3. c4 Bg7 4. g3 c5 5. dxc5 Qa5+ 6. Bd2 Qxc5 7. Qb3 Nc6 8.
Bg2 O-O 9. O-O d6 10. Be3 Qa5 11. Nc3 Rb8 12. h3 h6 13. Rfd1 Be6 14. Nd5 Rfc8
15. Nf4 Bf5 16. Rac1 Be4 17. Bd2 Qa6 18. Qe3 Qb6 19. Qxb6 axb6 20. Bc3 Ra8 21.
Nd5 Nxd5 22. cxd5 Bxf3 23. Bxf3 Nd4 24. Bxd4 Rxc1 25. Rxc1 Bxd4 26. Rc4 Bxb2 27.
Rb4 Ba3 28. Rxb6 Ra7 29. Kg2 Bc5 30. Rb2 b5 31. Rxb5 Rxa2 32. Rb7 Kf8 33. h4 h5 1/2-1/2

[Event "World Youth U16 Olympiad"]
[Site "Gyor HUN"]
[Date "2014.12.18"]
[Round "7.7"]
[Board "2"]
[White "Dolana, Andrei-Theodor"]
[Black "Nayhebaver, Martin"]
[Result "1/2-1/2"]
[WhiteElo "2279"]
[BlackElo "2332"]
[WhiteTeam "Romania"]
[BlackTeam "Slovakia 1"]
[WhiteFideId "1219804"]
[BlackFideId "14923432"]
[EventDate "2014.12.13"]
[EventType "team"]

1. e4 c5 2. Nf3 d6 3. Bb5+ Nd7 4. d4 cxd4 5. Qxd4 a6 6. Bxd7+ Bxd7 7. c4 e5 8.
Qd3 Rc8 9. O-O Qc7 10. b3 b5 11. Na3 Qb7 12. Re1 Nf6 13. Bg5 Nh5 14. Rad1 h6 15.
Bd2 Nf6 16. cxb5 axb5 17. Bb4 Bc6 18. Rc1 Rd8 19. Qc3 Bxe4 20. Nxe5 Be7 21. f3
O-O 22. fxe4 dxe5 23. Bxe7 Qxe7 24. Nxb5 Qb7 25. Qc6 Qxc6 26. Rxc6 Rd2 27. Nc3
Rfd8 28. Kf1 Rc2 29. Re2 Rc1+ 30. Re1 Rc2 31. Re2 1/2-1/2

[Event "World Youth U16 Olympiad"]
[Site "Gyor HUN"]
[Date "2014.12.18"]
[Round "7.7"]
[Board "3"]
[White "Pechac, Jergus"]
[Black "Costachi, Mihnea"]
[Result "1/2-1/2"]
[WhiteTitle "CM"]
[BlackTitle "FM"]
[WhiteElo "2182"]
[BlackElo "2356"]
[WhiteTeam "Slovakia 1"]
[BlackTeam "Romania"]
[WhiteFideId "14926970"]
[BlackFideId "1217518"]
[EventDate "2014.12.13"]
[EventType "team"]

1. d4 Nf6 2. Nf3 g6 3. c4 Bg7 4. g3 O-O 5. Nc3 d6 6. Bg2 Nc6 7. Bf4 a6 8. O-O
Rb8 9. Rc1 Bd7 10. e4 b5 11. cxb5 axb5 12. d5 Na5 13. Nd4 e5 14. dxe6 fxe6 15.
b4 e5 16. bxa5 exf4 17. a6 Ra8 18. Ncxb5 c5 19. Ne2 fxg3 20. hxg3 Rxa6 21. Nec3
Be6 22. e5 Ne8 23. Ne4 Qb6 24. Nbxd6 Nxd6 25. Qxd6 Bxa2 26. Qxb6 Rxb6 27. Nxc5
Rb2 28. f4 g5 29. Rce1 gxf4 30. gxf4 Bc4 31. Rf3 Bd5 32. Rg3 Rxg2+ 33. Rxg2 Bxg2
34. Kxg2 Rxf4 35. e6 Bf8 36. e7 Bxe7 37. Rxe7 Rf7 38. Re5 Kg7 39. Kg3 Rf1 40.
Ne4 Rg1+ 41. Kf4 Rf1+ 42. Kg4 Rg1+ 43. Kf5 Rf1+ 44. Ke6 h6 45. Ng3 Rf6+ 46. Kd5
Kg6 47. Re1 Ra6 48. Rg1 Ra5+ 49. Ke6 Rg5 50. Ne2 Rxg1 51. Nxg1 1/2-1/2

[Event "World Youth U16 Olympiad"]
[Site "Gyor HUN"]
[Date "2014.12.18"]
[Round "7.7"]
[Board "4"]
[White "Toma, Radu-Cristian"]
[Black "Sucikova, Svetlana"]
[Result "1-0"]
[WhiteElo "2255"]
[BlackElo "1985"]
[WhiteTeam "Romania"]
[BlackTeam "Slovakia 1"]
[WhiteFideId "1217992"]
[BlackFideId "14923653"]
[EventDate "2014.12.13"]
[EventType "team"]

1. Nf3 d5 2. d4 e6 3. c4 c6 4. e3 Nf6 5. Bd3 dxc4 6. Bxc4 Nbd7 7. O-O Be7 8. Nc3
b5 9. Bd3 a6 10. e4 Bb7 11. e5 Nd5 12. Ne4 h6 13. a4 O-O 14. Qe2 Nb4 15. Bb1 Nb6
16. Nc5 Bxc5 17. dxc5 N6d5 18. Qe4 f5 19. exf6 Qxf6 20. Qh7+ Kf7 21. Bg6+ Ke7
22. Bxh6 Rh8 23. Qxh8 Rxh8 24. Bg5 Qxg5 25. Nxg5 Kf6 26. Nxe6 Kxe6 27. Ra3 Kf6
28. Bb1 g6 29. Re1 Bc8 30. Rg3 Rg8 31. h4 bxa4 32. h5 g5 33. h6 g4 34. f3 Rh8
35. fxg4 Kg5 36. h7 Kh4 37. Rh3+ Kxg4 38. Re4+ Kg5 39. Rg3+ Kf6 40. Rxb4 Bf5 41.
Bxf5 Kxf5 42. Rh4 Kf6 43. Rg8 1-0

[Event "World Youth U16 Olympiad"]
[Site "Gyor HUN"]
[Date "2014.12.18"]
[Round "7.8"]
[Board "1"]
[White "Bakalchuk, Johnatan"]
[Black "Radovic, Luka"]
[Result "0-1"]
[WhiteTitle "FM"]
[WhiteElo "2300"]
[BlackElo "2352"]
[WhiteTeam "Israel"]
[BlackTeam "Serbia"]
[WhiteFideId "2810301"]
[BlackFideId "911569"]
[EventDate "2014.12.13"]
[EventType "team"]

1. e4 e6 2. b3 d5 3. Bb2 dxe4 4. Nc3 Nf6 5. Qe2 Be7 6. O-O-O O-O 7. g4 a5 8. a3
Nc6 9. g5 Nd5 10. h4 f5 11. gxf6 Bxf6 12. Qxe4 Be5 13. Bd3 Nf6 14. Qg2 Nd4 15.
Nf3 Nxf3 16. Qxf3 Bd7 17. Rhg1 Bc6 18. Qe2 Qd6 19. Rge1 Bd4 20. Qxe6+ Qxe6 21.
Rxe6 Bxf2 22. Re7 Rae8 23. Rxc7 Bg3 24. Bc4+ Kh8 25. Rf7 Rxf7 26. Bxf7 Re7 27.
Bc4 Bxh4 28. d4 Bf3 29. Rd3 Re1+ 30. Kd2 Rf1 31. Rxf3 Rxf3 32. d5 Bg5+ 33. Ke2
Re3+ 34. Kf1 Ng4 35. d6 Re8 36. d7 Rf8+ 37. Kg1 Bf6 38. Be6 Bd4+ 39. Kh1 Ne5 40.
Na4 Bxb2 41. Nxb2 Rd8 42. b4 axb4 43. axb4 Nxd7 44. c4 Ne5 45. Na4 Rd4 46. Nc5
b6 47. Nb3 Rh4+ 0-1

[Event "World Youth U16 Olympiad"]
[Site "Gyor HUN"]
[Date "2014.12.18"]
[Round "7.8"]
[Board "2"]
[White "Radovic, Janko"]
[Black "Zanan, Evgeny"]
[Result "1-0"]
[BlackTitle "FM"]
[WhiteElo "2272"]
[BlackElo "2300"]
[WhiteTeam "Serbia"]
[BlackTeam "Israel"]
[WhiteFideId "911518"]
[BlackFideId "24101940"]
[EventDate "2014.12.13"]
[EventType "team"]

1. e4 c5 2. c3 d5 3. exd5 Qxd5 4. d4 Nc6 5. Nf3 Bf5 6. Be3 Nf6 7. Na3 e6 8. Bc4
Qd8 9. dxc5 Ne4 10. Nb5 Be7 11. Qe2 O-O 12. Rd1 Qb8 13. Nbd4 Bg4 14. Nxc6 bxc6
15. Rd4 Bf5 16. O-O Nxc5 17. Nh4 Bxh4 18. Rxh4 Nd7 19. Bd3 Qd8 20. Rd4 c5 21.
Rf4 Bxd3 22. Qxd3 Qe7 23. Rd1 Rfd8 24. Qc2 Nb6 25. h3 e5 26. Rf3 Nc4 27. Bc1 e4
28. Re1 Nd6 29. Rg3 Kh8 30. Bf4 f5 31. Bg5 Qe6 32. Bxd8 Rxd8 33. Qc1 Nc4 34. Rd1
Rg8 35. b3 Ne5 36. Qe3 Qf6 37. Qg5 Qxg5 38. Rxg5 g6 39. Rd5 Nf7 40. Rg3 f4 41.
Rg4 g5 42. h4 h5 43. Rgxg5 Nxg5 44. Rxg5 Rd8 45. Rxh5+ Kg7 46. Rf5 Rd1+ 47. Kh2
e3 48. fxe3 fxe3 49. Re5 Ra1 50. Rxe3 Rxa2 51. b4 cxb4 52. cxb4 Ra4 53. Kh3 Rxb4
54. Re7+ Kg6 55. Rxa7 Rb1 56. g3 Rc1 57. Ra6+ Kf5 58. g4+ Kf4 59. Rf6+ Ke5 60.
g5 Rc4 61. Rf3 Ke6 62. h5 Rc5 63. Kg4 Rc4+ 64. Rf4 Rc1 65. Rf6+ Ke5 66. h6 Rh1
67. Rf3 Ke4 68. Rh3 Rg1+ 69. Kh5 Kf4 70. h7 Rxg5+ 71. Kh6 1-0

[Event "World Youth U16 Olympiad"]
[Site "Gyor HUN"]
[Date "2014.12.18"]
[Round "7.8"]
[Board "3"]
[White "Grinberg, Eyal"]
[Black "Ivic, Velimir"]
[Result "1-0"]
[WhiteElo "2121"]
[BlackElo "2176"]
[WhiteTeam "Israel"]
[BlackTeam "Serbia"]
[WhiteFideId "2806070"]
[BlackFideId "950122"]
[EventDate "2014.12.13"]
[EventType "team"]

1. e4 c5 2. Ne2 Nc6 3. d4 cxd4 4. Nxd4 e6 5. Nc3 d6 6. Be3 Nf6 7. Be2 Be7 8. O-O
O-O 9. f4 a6 10. Kh1 Bd7 11. Qe1 b5 12. a3 Qb8 13. Bf3 Nxd4 14. Bxd4 e5 15. Be3
Bc6 16. Qg3 exf4 17. Bxf4 Nd7 18. e5 Bxf3 19. Bh6 Bxg2+ 20. Qxg2 g6 21. Bxf8
Bxf8 22. exd6 Bxd6 23. Rad1 Nb6 24. Nd5 Ra7 25. Nf6+ Kh8 26. Ne4 Bf8 27. Ng5 Kg8
28. Qf3 Qe8 29. Qf6 Qa8+ 30. Rf3 Nd5 31. Qd4 Rd7 32. Qe4 Nb6 33. Rxd7 Qxe4 34.
Nxe4 Nxd7 35. Nf6+ Nxf6 36. Rxf6 Bg7 37. Rxa6 Bxb2 38. Kg2 Kg7 39. Kf3 f5 40. h3
Kf7 41. Ke3 h5 42. Kf3 g5 43. h4 gxh4 44. Kg2 Ke7 45. Kh3 f4 46. Kxh4 Bf6+ 47.
Kh3 Bb2 48. Ra5 Kd6 49. Rxb5 Bxa3 50. Rxh5 Kc6 51. Kg4 Bd6 52. Kf3 Bc7 53. Ke4
Bb8 54. c4 Bc7 55. Kd4 Bb6+ 56. c5 Bc7 57. Ke4 1-0

[Event "World Youth U16 Olympiad"]
[Site "Gyor HUN"]
[Date "2014.12.18"]
[Round "7.8"]
[Board "4"]
[White "Gajcin, Marina"]
[Black "Kali, Omer"]
[Result "1/2-1/2"]
[WhiteElo "2036"]
[BlackElo "2055"]
[WhiteTeam "Serbia"]
[BlackTeam "Israel"]
[WhiteFideId "949086"]
[BlackFideId "2812436"]
[EventDate "2014.12.13"]
[EventType "team"]

1. e4 e5 2. Nf3 Nc6 3. Bc4 Nf6 4. d3 Be7 5. O-O O-O 6. Re1 d6 7. a4 h6 8. a5 a6
9. c3 Rb8 10. b4 Nh7 11. Qb3 Ng5 12. Nxg5 hxg5 13. Nd2 Bf6 14. Nf1 Ne7 15. Be3
Ng6 16. Rad1 Nf4 17. d4 g6 18. f3 Kg7 19. g3 Nh3+ 20. Kg2 Qe7 21. dxe5 Bxe5 22.
Bd4 g4 23. f4 Bxd4 24. cxd4 Rh8 25. Qc3 Kg8 26. Re2 Bd7 27. Rde1 Qf8 28. e5 dxe5
29. Rxe5 Rh7 30. Qd3 Bf5 31. Qb3 Rd8 32. Re7 g5 33. R7e5 gxf4 34. gxf4 Nxf4+ 35.
Kh1 Bg6 36. Qe3 Nh5 37. Qg5 Rg7 38. Qxg4 Nf6 39. Qf4 Qd6 40. Qf3 Nd7 41. Re8+
Nf8 42. Ng3 Rxe8 43. Rxe8 Qxd4 44. Qe2 Qd6 45. Bb3 Qxb4 46. Qd1 Qxa5 47. Rxf8+
Kh7 48. Rd8 Qe5 49. Rd4 Qg5 50. Qf1 1/2-1/2